Geografía por letra - B - Estadísticas

Estadísticas generales
  • Esta prueba ha sido intentada 72 veces
  • La puntuación promedio es 12 de 14
Estadísticas de respuestas
Pista Respuesta % Correcto
Capital de Hungría Budapest
100%
País de América del Sur sin mar Bolivia
99%
Es la segunda ciudad más grande de España Barcelona
94%
Capital de Colomiba Bogotá
94%
Su capital es Sofía Bulgaria
94%
Conjunto de islas al este de España Baleares
91%
El nombre de Myanmar en español Birmania
90%
País que hace frontera con Sudáfrica Botsuana
90%
País insular de Asia que está conectado por un puente con Arabia Saudita Baréin
88%
Capital de Azerbaiyán Bakú
84%
Isla ubicada en el caribe constituida por más de 700 islas Bahamas
81%
Micronación ubicada en Asia Brunéi
70%
Es la ciudad más peligrosa del Reino Unido Birmingham
68%
Isla ubicada en Indonesia Borneo
62%
No se encontraron pruebas coincidentes
Distribución de puntuación
Porcentaje de gente con cada puntuación
Porcentaje por número respondido
Historial de tus puntuaciones
No has intentado esta prueba.